00682nam a2200169 a 450000100100000000500170001000800410002702000150006804000250008310000270010824501640013526000450029930000250034450000210036995201050039099900170049500004171820201002035721.0131016s1997 sp a 001 0 spa d a8422671581 aDO-SdBNPbspacBNPHU1 aStewart, Robert96854310aIdeas que transformaron el mundo :buna guía para comprender los grandes conceptos en arte, filosofía, política, ciencia y humanidades /cRobert Stewart. aBarcelona :bCirculo de lectores,c1997. a224 p. :bil. ;c30. aIncluye índice 001050718MOaGRbGRcHDd2013-10-16iLF1l0o p41718-10r2020-06-25w2020-06-25y1ZNo se presta c41207d41207